Socio-economic status of widows (mudaliar community) of Tamil Nadu (Record no. 20350)
[ view plain ]
| 000 -LEADER | |
|---|---|
| fixed length control field | 00655nam a2200169Ia 4500 |
| 082 ## - DEWEY DECIMAL CLASSIFICATION NUMBER | |
| Classification number | RP.0267 |
| 100 ## - MAIN ENTRY--AUTHOR NAME | |
| Personal name | Padmanabhan, K. |
| 245 #0 - TITLE STATEMENT | |
| Title | Socio-economic status of widows (mudaliar community) of Tamil Nadu |
| Sub Title | : a three generation study |
| 260 ## - PUBLICATION, DISTRIBUTION, ETC. (IMPRINT) | |
| Year of publication | 2004 |
| Name of publisher | Indian Council of Social Science Research, New Delhi |
| 300 ## - PHYSICAL DESCRIPTION | |
| Number of Pages | 396 |
| 504 ## - BIBLIOGRAPHY, ETC. NOTE | |
| Bibliography, etc | includes appendices and bibliography |
| 650 ## - SUBJECT ADDED ENTRY--TOPICAL TERM | |
| Topical Term | Widows |
| Geographic subdivision | Tamil Nadu |
| Form subdivision | Legal status, laws, etc. (Hindu law) |
| 650 ## - SUBJECT ADDED ENTRY--TOPICAL TERM | |
| Topical Term | Widows |
| Geographic subdivision | Tamil Nadu |
| Form subdivision | Economic conditions |
| 650 ## - SUBJECT ADDED ENTRY--TOPICAL TERM | |
| Topical Term | Widows |
| Geographic subdivision | Tamil Nadu |
| Form subdivision | Social conditions |
| 650 ## - SUBJECT ADDED ENTRY--TOPICAL TERM | |
| Topical Term | Mudaliyars |
| Geographic subdivision | Tamil Nadu |
| Form subdivision | Legal status, laws, etc. (Hindu law) |
| 942 ## - ADDED ENTRY ELEMENTS (KOHA) | |
| Koha item type | Research Reports |
| Source of classification or shelving scheme | Dewey Decimal Classification |
| Withdrawn status | Lost status | Damaged status | Not for loan | Collection code | Home library | Current library | Date acquired | Source of acquisition | Bill Date | Full call number | Accession Number | Price effective from | Koha item type |
|---|---|---|---|---|---|---|---|---|---|---|---|---|---|
| Major Research Project Reports | NASSDOC Library | NASSDOC Library | 13/10/2008 | Gifted by : R P Division, ICSSR | 2008-09-10 | RP.0267 | 44645 | 18/04/2019 | Research Reports |
